000 00951cam a22002654a 4500
999 _c584
_d584
001 15603213
003 GZU
005 20200908094413.0
008 090129s2008 enka 000 0aeng
010 _a 2009378161
020 _a1868421090
040 _aDLC
_cDLC
043 _af-rh---
050 0 0 _aDT2984.SMI
_b1997
100 1 _aSmith, Ian Douglas,
_d1919-2007.
_eauthor
245 1 0 _aBitter harvest :
_bZimbabwe and the aftermath of its independence : the memoirs of Africa's most controversial leader / Ian Smith ; with a foreword by Rupert Cornwell.
260 _aJohannesburg :
_bJonathan Ball Publishers.,
_cc1997.
300 _axiv, 434p. :
_bill. ;
_c23 cm.
500 _aIncludes index
600 1 0 _aSmith, Ian Douglas,
_d1919-2007.
650 0 _aPrime ministers
_zZimbabwe
_vBiography.
651 0 _aZimbabwe
_xPolitics and government
_y1965-1979.
906 _a7
_bcbc
_corignew
_d2
_encip
_f20
_gy-gencatlg
942 _2lcc
_cBK
_h2984
_iSMI
_kDT